Statistiche per Città che Hanno Ospitato le Olimpiadi Estive

Clicka qui per fare il quiz!

Statistiche generali

  • Questo quiz è stato fatto 87 volte
  • Il punteggio medio è 29 su 32

Statistiche sulle risposte

AnnoPaeseCittà% Corretto
1896GreciaAtene
100%
2004GreciaAtene
100%
1924FranciaParigi
100%
1900FranciaParigi
100%
1964GiapponeTokyo
98%
1940*GiapponeTokyo
98%
2020**GiapponeTokyo
98%
1936GermaniaBerlino
97%
1916*GermaniaBerlino
97%
1908Regno UnitoLondra
97%
2012Regno UnitoLondra
97%
1944*Regno UnitoLondra
97%
1948Regno UnitoLondra
97%
1960ItaliaRoma
97%
1968MessicoCittà del Messico
95%
2008CinaPechino
95%
2016BrasileRio de Janeiro
95%
2000AustraliaSydney
95%
1928Paesi BassiAmsterdam
93%
1992SpagnaBarcellona
93%
1952FinlandiaHelsinki
93%
1932Stati UnitiLos Angeles
93%
1984Stati UnitiLos Angeles
93%
1980Unione SovieticaMosca
93%
1912SveziaStoccolma
93%
1988Corea del SudSeul
92%
1972Germania OvestMonaco
83%
1996Stati UnitiAtlanta
81%
1956AustraliaMelbourne
81%
1920BelgioAnversa
75%
1976CanadaMontréal
69%
1904Stati UnitiSaint Louis
46%

Distribuzione punteggi

Percentile per numero di risposta

Percentuale di utenti per punteggio

I tuoi punteggi nel tempo

Non hai fatto questo quiz